000 00508nam a2200181Ia 4500
999 _c7670
_d7670
003 OSt
005 20200123112441.0
008 190216s9999||||xx |||||||||||||| ||und||
020 _a9788120336285
040 _coclc
082 _a658.83
_bPAU/I
100 _aPaul, Justin
_9641
245 0 _aInternational Business /
_cJustin Paul
250 _a4th ed.
260 _bPHI Learning Private Ltd,
_aNew Delhi:
_c2009.
300 _a657p
942 _cBK
_2ddc
_h658.83
_iPAU/I
_k658.83
_mPAU/I